| 000 | 00852nam a22002297a 4500 | ||
|---|---|---|---|
| 999 |
_c5128 _d5128 |
||
| 003 | AR-CdUCM | ||
| 008 | 190312b ||||| |||| 00| 0 spa d | ||
| 040 |
_aMUNICIPALIDAD PROVINCIAL DEL CUSCO _cBIBLIOTECA MUNICIPAL DEL CUSCO |
||
| 082 |
_23ed. _a985.004 / _bB26 |
||
| 100 |
_aBasadre, Jorge _9198 |
||
| 245 |
_aLa multitud, la ciudad y el campo en la historia del Perú : _bcon un colofón sobre el país profundo / |
||
| 260 |
_aLima : _bTreintaitrés&Mosca Azul, _c1980. |
||
| 300 |
_a257 paginas ; _c20.5 cm. |
||
| 440 |
_aLa multitud, la ciudad y el campo _915587 |
||
| 505 | _aÉpoca incaica -- La conquista -- La colonia --La emancipación -- La república ... | ||
| 650 |
_aCiudad y pueblos _915588 |
||
| 650 |
_aCiudad y evolución _915589 |
||
| 650 |
_aCampesino _910099 |
||
| 650 |
_aHistoria _9136 |
||
| 942 |
_2ddc _cLIBROS |
||
| 945 | _aacv | ||